Normal view
MARC view
Entry Topical Term
001 - CONTROL NUMBER
- control field: 1429
003 - CONTROL NUMBER IDENTIFIER
- control field: csc
005 - DATE AND TIME OF LATEST TRANSACTION
- control field: 20140507162056.0
008 - FIXED-LENGTH DATA ELEMENTS
- fixed length control field: 130529|| aca||aabn | a|a d
040 ## - CATALOGING SOURCE
- Original cataloging agency: csc
- Transcribing agency: csc
150 ## - HEADING--TOPICAL TERM
- Topical term or geographic name entry element: Guitar
- Form subdivision: Methods (Jazz)
670 ## - SOURCE DATA FOUND
- Source citation: Work cat.: (csc)317: Pass, Joe, 1929-1994. 5276, Complete Joe Pass., c2003.